| 000 | 01640cac a2200397 i 4500 | ||
|---|---|---|---|
| 003 | EG-GICUC | ||
| 005 | 20260203082601.0 | ||
| 008 | 040415s2003 enk frb 001 0 eng d | ||
| 020 |
_a0199268614 _qacid-free paper |
||
| 020 |
_a0199268622 _qpbk. : acid-free paper |
||
| 020 |
_a9780199268610 _q(acid-free paper) |
||
| 020 |
_a9780199268627 _q(pbk. : acid-free paper) |
||
| 040 |
_aStDuBDS _cStDuBDS _dUk _dTxU-L _dMBU-L _dDLC _dEG-GICUC _beng _erda |
||
| 050 | 0 | 0 |
_aK3240 _b.T66 2003 |
| 082 | 0 | 4 |
_221 _a341.48 |
| 092 | 0 | 4 | _221 |
| 099 | _aLaw 11 2003 | ||
| 100 | 1 | _aTomuschat, Christian. | |
| 245 | 1 | 0 |
_aHuman rights : _bbetween idealism and realism / _cChristian Tomuschat. |
| 264 |
_aOxford ; _aNew York : _bOxford University Press, _c2003. |
||
| 300 |
_axlvi, 333 pages ; _c24 cm. |
||
| 336 |
_atext _2rdacontent |
||
| 337 |
_aComputer _2rdamedia |
||
| 338 |
_aOnline Resource _2rdacarrier |
||
| 440 | 4 |
_aThe collected courses of the Academy of European Law ; _vv. 13/1 |
|
| 500 | _a"Academy of European Law, European University Institute." | ||
| 504 | _aIncludes bibliographical references and index. | ||
| 650 | 0 | _aHuman rights. | |
| 710 | 2 | _aAcademy of European Law (Florence, Italy) | |
| 856 | 4 | 2 | _uhttps://fll.law.cu.edu.eg/fulltext/bks/ENGB11-00110.pdf |
| 856 | 4 | 2 |
_3Publisher description _uhttp://www.loc.gov/catdir/enhancements/fy0620/2004271577-d.html |
| 856 | 4 | 1 |
_3Table of contents only _uhttp://www.loc.gov/catdir/enhancements/fy0620/2004271577-t.html |
| 856 | 4 | 2 |
_3Contributor biographical information _uhttp://www.loc.gov/catdir/enhancements/fy0725/2004271577-b.html |
| 905 | _a10 | ||
| 942 |
_2ddc _cBK _e21 _n0 |
||
| 999 |
_c60416 _d60416 |
||